Memòria /
Publicado:
Barcelona :
Generalitat de Catalunya. Departament de Política Territorial i Obres Públiques. Direcció General de Ports i Costes. Comissió de Ports de Catalunya ,
1983
Descripción Física:
30 cm
Materias:
Comissió de Ports de Catalunya
MARC
| LEADER | 00000nam a2200000Ia 4500 | ||
|---|---|---|---|
| 001 | 1472, 1471, 6307, 8391 | ||
| 008 | 160829s1983 - xx 000 0 cat d | ||
| 080 | |a C-1-131, C-1-132, C-1-133, C-1-134 | ||
| 110 | 2 | |a Comissió de Ports de Catalunya |9 54058 | |
| 245 | |a Memòria / |c Comissió de Ports de Catalunya ; direcció Ángel M. Vilches Herrero, Ángel López Muñoz, Antonio Benito Fernández | ||
| 260 | |a Barcelona : |b Generalitat de Catalunya. Departament de Política Territorial i Obres Públiques. Direcció General de Ports i Costes. Comissió de Ports de Catalunya, |c 1983 - | ||
| 300 | |a 30 cm | ||
| 610 | 2 | 0 | |a Comissió de Ports de Catalunya |9 54058 |
| 700 | |a Vilches Herrero, Ángel M., dir. |9 30419 |e director | ||
| 700 | 1 | |a López Muñoz, Ángel |e director |9 30420 | |
| 700 | 1 | |a Benito Fernández, Antonio |e director |9 30421 | |
| 866 | |a 1982, 1983, 1986, 1987 | ||
| 901 | |a Arxiu | ||
| 942 | |n 1 |2 udc | ||
| 952 | |0 0 |1 0 |4 0 |6 C1131_C1132_C1133_C1134 |7 1 |9 45413 |a Arxiu |b Arxiu |d 2016-12-01 |l 0 |o C-1-131, C-1-132, C-1-133, C-1-134 |p 1472, 1471, 6307, 83 |r 2016-12-01 00:00:00 |w 2016-12-01 |y ARXIU | ||
| 999 | |c 48520 |d 48520 | ||